|
|
|
|
| LEADER |
00913cam a2200229 7i4500 |
| 001 |
0000054154 |
| 005 |
20210903090000.0 |
| 090 |
0 |
0 |
|a TA330
|b .S23 2013
|
| 100 |
1 |
|
|a Sacco, Riccardo
|
| 245 |
1 |
0 |
|a Numerical methods for civil engineering
|c Riccardo Sacco.
|
| 260 |
|
|
|a [Place of publication not identified]:
|b [publisher not identified],
|c 2013..
|
| 300 |
|
|
|a 1 online resource (viii, 246 pages):
|b illustrations, text file, PDF.
|
| 336 |
|
|
|a text
|2 rdacontent
|
| 337 |
|
|
|a computer
|2 rdamedia
|
| 338 |
|
|
|a online resource
|2 rdacarrier
|
| 650 |
|
0 |
|a Civil engineering --
|x Mathematics
|
| 650 |
|
0 |
|a Structural analysis (Engineering) --
|x Mathematics
|
| 655 |
|
0 |
|a Electronic books
|
| 856 |
4 |
2 |
|u http://library.unisel.edu.my/web/guest/mylibrary
|
| 997 |
|
|
|a Engineering & Life Sciences, Faculty
|b Engineering, Department
|
| 998 |
|
|
|a Civil Engineering, Degree
|
| 999 |
|
|
|a EBO0000625
|b EBOOK
|c EBOOK
|e Electronic resources
|